000 00702cam a2200193 a 4500
001 000002383
005 20200929150206.0
008 741004s1974 cr 001 0 spa
040 _aDO-SdBNP
_bspa
_cBNPHU
082 _a333.31098
_bF825r
100 1 _aFranco, Alberto.
_97569
245 1 0 _aReforma agraria en América Latina /
_cAlberto Franco.
260 _aTurrialba, Costa Rica :
_bInstituto Interamericano de Ciencias Agrícolas de la OEA,
_c1974.
300 _avii, 179 p. :
_bil. ;
_c23 cm.
490 1 _aLibros y materiales educativos
_vno. 22
504 _aBibliografía: p.177-179
650 4 _aReforma agraria
_zAmérica Latina
_97570
830 0 _aLibros y materiales educativos ;
_vno. 22
_97571
999 _c2223
_d2223